Where the money is (Record no. 80743)
[ view plain ]
| 000 -LEADER | |
|---|---|
| fixed length control field | 00833cab a22002055a 4500 |
| 001 - CONTROL NUMBER | |
| control field | L145237 |
| 008 - FIXED-LENGTH DATA ELEMENTS--GENERAL INFORMATION | |
| fixed length control field | 080917e20080917xxko f s 000 0 eng d |
| 035 ## - SYSTEM CONTROL NUMBER | |
| System control number | (Sirsi) u145237 |
| 041 0# - LANGUAGE CODE | |
| Language code of text/sound track or separate title | eng |
| 100 1# - MAIN ENTRY--PERSONAL NAME | |
| Personal name | Baldwin, Iain |
| 245 00 - TITLE STATEMENT | |
| Title | Where the money is |
| 260 ## - PUBLICATION, DISTRIBUTION, ETC. | |
| Date of publication, distribution, etc. | 2008 |
| 490 ## - SERIES STATEMENT | |
| Series statement | Estates Gazette |
| Volume/sequential designation | (0836) 13 September 2008, 134-135(2) |
| 520 ## - SUMMARY, ETC. | |
| Summary, etc. | Article looks at investment in residential property and states that this particular sector remains attractive in the medium to long term due to the fall in capital values and the growth in rental values. Recommends an integrated approach to asset management and suggests that positive management is key to investor success. |
| 590 ## - LOCAL NOTE (RLIN) | |
| Local note | KA |
| 651 #4 - SUBJECT ADDED ENTRY--GEOGRAPHIC NAME | |
| Geographic name | United Kingdom |
| Chronological subdivision | |
| 690 ## - LOCAL SUBJECT ADDED ENTRY--TOPICAL TERM (OCLC, RLIN) | |
| Topical term or geographic name as entry element | PROPERTY-PROPERTY FINANCE AND INVESTMENT |
| 700 1# - ADDED ENTRY--PERSONAL NAME | |
| Personal name | Collett, Alan |
| 942 ## - ADDED ENTRY ELEMENTS (KOHA) | |
| Suppress in OPAC | 0 |
| Withdrawn status | Lost status | Source of classification or shelving scheme | Damaged status | Not for loan | Home library | Current library | Shelving location | Date acquired | Total Checkouts | Full call number | Barcode | Date last seen | Copy number | Price effective from | Koha item type |
|---|---|---|---|---|---|---|---|---|---|---|---|---|---|---|---|
| Dewey Decimal Classification | London | London | Journal article | 17/09/2008 | L145237 | 145237-1001 | 06/08/2019 | 1 | 06/08/2019 | Journal article |